Generador de pulsos de cobro para las centrales telefónicas analógicas

Gespeichert in:
Bibliographische Detailangaben
1. Verfasser: Seravalli Monge, Roger Arturo
Format: Buch
Veröffentlicht: viii, 83 hojas : ilustraciones ; 28 cm 1993
Schlagworte:
Tags: Tag hinzufügen
Keine Tags, Fügen Sie den ersten Tag hinzu!

MARC

LEADER 00000nam a2200000Ia 4500
003 005575
005 20221231144318.0
008 140114s1993 cr a m 000 ||s d
040 |c cru CEDI 
090 |a TFG 2682 
100 |a Seravalli Monge, Roger Arturo  |9 12177 
245 |a Generador de pulsos de cobro para las centrales telefónicas analógicas  
260 |c 1993  |a  viii, 83 hojas : ilustraciones ; 28 cm  
300 |a  viii, 83 hojas : ilustraciones ; 28 cm  
500 |a  Proyecto de graduacion (bachillerato en ingenieria electrica)--Universidad de Costa Rica. Facultad de Ingenieria. Escuela de Ingenieria Electrica 
650 |x OSCILADORES ELECTRICOS - DISEÑO   |x CENTRALES TELEFONICAS - MEDICION - INSTRUMENTOS   |x TELEFONOS - TARIFAS  |9 12178 
942 |c TFG 
999 |c 19977  |d 19977